Fundamentals of cost accounting / (Record no. 15702)
[ view plain ]
| 000 -LEADER | |
|---|---|
| fixed length control field | 01592cam a2200397 a 4500 |
| 001 - CONTROL NUMBER | |
| control field | 14878585 |
| 003 - CONTROL NUMBER IDENTIFIER | |
| control field | OSt |
| 005 - DATE AND TIME OF LATEST TRANSACTION | |
| control field | 20140310182748.0 |
| 008 - FIXED-LENGTH DATA ELEMENTS--GENERAL INFORMATION | |
| fixed length control field | 070604s2008 maua 001 0 eng |
| 010 ## - LIBRARY OF CONGRESS CONTROL NUMBER | |
| LC control number | 2007022813 |
| 020 ## - INTERNATIONAL STANDARD BOOK NUMBER | |
| International Standard Book Number | 9780073526720 (alk. paper) |
| 020 ## - INTERNATIONAL STANDARD BOOK NUMBER | |
| International Standard Book Number | 9780071278508 |
| 035 ## - SYSTEM CONTROL NUMBER | |
| System control number | (OCoLC)ocn140106217 |
| 035 ## - SYSTEM CONTROL NUMBER | |
| System control number | (OCoLC)140106217 |
| Canceled/invalid control number | (OCoLC)144224641 |
| 040 ## - CATALOGING SOURCE | |
| Original cataloging agency | DLC |
| Transcribing agency | DLC |
| Modifying agency | YDX |
| -- | BAKER |
| -- | BTCTA |
| -- | YDXCP |
| -- | DLC |
| 050 00 - LIBRARY OF CONGRESS CALL NUMBER | |
| Classification number | HF 5686.C8 |
| Item number | .L267 2008 |
| 100 1# - MAIN ENTRY--PERSONAL NAME | |
| Personal name | Lanen, William N. |
| 245 10 - TITLE STATEMENT | |
| Title | Fundamentals of cost accounting / |
| Statement of responsibility, etc | William N. Lanen, Shannon W. Anderson, Michael W. Maher. |
| 250 ## - EDITION STATEMENT | |
| Edition statement | 2nd ed. |
| 260 ## - PUBLICATION, DISTRIBUTION, ETC. (IMPRINT) | |
| Place of publication, distribution, etc | Boston : |
| Name of publisher, distributor, etc | McGraw-Hill Irwin, |
| Date of publication, distribution, etc | 2008. |
| 300 ## - PHYSICAL DESCRIPTION | |
| Extent | xxxiv, 636 p. : |
| Other physical details | ill. ; |
| Dimensions | 28 cm. |
| 500 ## - GENERAL NOTE | |
| General note | First ed. has Michael Maher as first author. |
| 500 ## - GENERAL NOTE | |
| General note | Includes index. |
| 521 ## - TARGET AUDIENCE NOTE | |
| Target audience note | |
| 650 #0 - SUBJECT ADDED ENTRY--TOPICAL TERM | |
| Topical term or geographic name as entry element | Cost accounting. |
| 700 1# - ADDED ENTRY--PERSONAL NAME | |
| Personal name | Anderson, Shannon W. |
| 700 1# - ADDED ENTRY--PERSONAL NAME | |
| Personal name | Maher, Michael, |
| Dates associated with a name | 1946- |
| 700 1# - ADDED ENTRY--PERSONAL NAME | |
| Personal name | Maher, Michael, |
| Dates associated with a name | 1946- |
| Title of a work | Fundamentals of cost accounting. |
| 856 41 - ELECTRONIC LOCATION AND ACCESS | |
| Materials specified | Table of contents only |
| Uniform Resource Identifier | <a href="http://www.loc.gov/catdir/toc/ecip0719/2007022813.html">http://www.loc.gov/catdir/toc/ecip0719/2007022813.html</a> |
| 856 42 - ELECTRONIC LOCATION AND ACCESS | |
| Materials specified | Contributor biographical information |
| Uniform Resource Identifier | <a href="http://www.loc.gov/catdir/enhancements/fy0737/2007022813-b.html">http://www.loc.gov/catdir/enhancements/fy0737/2007022813-b.html</a> |
| 856 42 - ELECTRONIC LOCATION AND ACCESS | |
| Materials specified | Publisher description |
| Uniform Resource Identifier | <a href="http://www.loc.gov/catdir/enhancements/fy0737/2007022813-d.html">http://www.loc.gov/catdir/enhancements/fy0737/2007022813-d.html</a> |
| 906 ## - LOCAL DATA ELEMENT F, LDF (RLIN) | |
| a | 7 |
| b | cbc |
| c | orignew |
| d | 1 |
| e | ecip |
| f | 20 |
| g | y-gencatlg |
| 942 ## - ADDED ENTRY ELEMENTS (KOHA) | |
| Source of classification or shelving scheme | Library of Congress Classification |
| Koha item type | Books |
| Call number prefix | Foreign |
| Withdrawn status | Lost status | Source of classification or shelving scheme | Damaged status | Home library | Current library | Shelving location | Date acquired | Source of acquisition | Total Checkouts | Total Renewals | Full call number | Barcode | Date last seen | Date checked out | Copy number | Price effective from | Koha item type |
|---|---|---|---|---|---|---|---|---|---|---|---|---|---|---|---|---|---|
| Library of Congress Classification | College Library | College Library | General Circulation Section | 06/22/2012 | 1 | 1 | HF 5686.C8 .L267 2008 | C14875 | 05/15/2018 | 07/12/2017 | 2 | 10/18/2013 | Books | ||||
| Library of Congress Classification | College Library | College Library | General Circulation Section | 10/24/2013 | HF 5686.C8 .L267 2008 | C9984 | 05/15/2018 | 1 | 10/24/2013 | Books |